Servicios de pompas fúnebres en la provincia / Casa Provincial de Caridad de Barcelona

Publicat: [s.l : s.n
Descripció física: [25] p. : il. ; 12 cm

MARC

LEADER 00000nam a2200000Ia 4500
001 19992
008 160829s19-- ?] xx 000 0 cat d
080 |a RF-7-73 
245 |a Servicios de pompas fúnebres en la provincia / Casa Provincial de Caridad de Barcelona 
260 |a [s.l. :  |b s.n.,  |c 19-- ?] 
300 |a [25] p. :  |b  il. ;  |c 12 cm 
650 |a Serveis funeraris  |x Barcelona (Província)  |9 42450 
710 |a Casa de Caritat (Barcelona, Catalunya)  |9 52406 
710 |a Casa de Caritat (Barcelona, Catalunya)  |9 52406 
856 4 |u https://media.diba.cat/diba/fitxers/arxiu/fulletons/bib_19992_baixa.pdf  |y Accés lliure 
856 4 |u https://media.diba.cat/diba/fitxers/arxiu/fulletons/bib_19992_baixa.pdf  |y Accés lliure 
901 |a Arxiu 
942 |n 1  |2 udc 
952 |0 0  |1 0  |4 0  |6 RF773  |7 1  |9 51984  |a Arxiu  |b Arxiu  |d 2016-12-01  |l 0  |o RF-7-73  |p 19992  |r 2016-12-01 00:00:00  |w 2016-12-01  |y ARXIU 
999 |c 55831  |d 55831 
900 |a bib_19992_baixa.pdf